000 00415nam a2200181Ia 4500
005 20240823061512.0
008 240823s9999||||xx |||||||||||||| ||und||
041 _aENGLISH
082 _A853.914 Q4
100 _aBoard of Editors
245 0 _aTreasure Hunt
250 _a1st
260 _c2014
_bFoundation
_aNew Delhi
500 _aYES
650 _aTreasure Hunt
_bGeneral
942 _cBK
999 _c233684
_d233684